Động lực học vật rắn

সংরক্ষণ করুন:
গ্রন্থ-পঞ্জীর বিবরন
প্রধান লেখক: Nguyễn, Thành Mậu
বিন্যাস: গ্রন্থ
ভাষা:Vietnamese
প্রকাশিত: H. Giáo dục 1999
বিষয়গুলি:
ট্যাগগুলো: ট্যাগ যুক্ত করুন
কোনো ট্যাগ নেই, প্রথমজন হিসাবে ট্যাগ করুন!
Thư viện lưu trữ: Mạng thư viện Đại học Đà Nẵng
LEADER 00969nam a2200313 4500
001 000013276
003 9616
005 20120313080324.0
008 120313s1999 viesd
020 |c 15000đ 
041 0 |a vie 
082 |a 531.113  |b NG-M 
100 0 |a Nguyễn, Thành Mậu 
245 0 |a Động lực học vật rắn  |c Nguyễn Thành Mậu 
260 |a H.  |b Giáo dục  |c 1999 
300 |a 199 tr.  |c 21 cm 
653 |a Động lực học 
653 |a Vật rắn 
910 |a duyên 
OWN |a LSP 
AVA |a UDN50  |b LSP  |d 531.113 NG-M  |e available  |t Error 5001 Not defined in file expand_doc_bib_avail.  |f 5  |g 0  |h N  |i 0  |k 1 
999 |a From the UDN01 
AVA |a UDN50  |b LSP  |d 531.113 NG-M  |e available  |t Error 5001 Not defined in file expand_doc_bib_avail.  |f 5  |g 0  |h N  |i 0  |k 1 
TYP |a Monograph 
TYP |a Printed language 
980 |a Mạng thư viện Đại học Đà Nẵng